[Event "GER-ch 2013-B-V4 serv"]
[Site "GER email"]
[Date "2013.04.23"]
[Round "?"]
[White "Lelgemann, Ludwig"]
[Black "Drobka, Manfred"]
[Result "1-0"]
[WhiteElo "2079"]
[BlackElo "2075"]
[PlyCount "57"]
[EventDate "2013.05.01"]
[EventType "tourn (corr)"]
[EventRounds "6"]
[EventCountry "GER"]
[SourceTitle "Corr 2015"]
[Source "ChessBase"]
[SourceDate "2015.07.17"]
[SourceVersion "1"]
[SourceVersionDate "2015.07.17"]
[SourceQuality "1"]

1. d4 d5 2. c4 e6 3. Nc3 Nf6 4. e3 c5 5. Nf3 h6 6. cxd5 exd5 7. Bb5+ Nc6 8. 0-0 Be7 9. Ne5 Bd7 10. Qa4 Qb8 11. Nxd7 Nxd7 12. Nxd5 Bd8 13. Bxc6 bxc6 14. Qxc6 Qc8 15. Qd6 Qb8 16. dxc5 Qxd6 17. cxd6 Nb6 18. Rd1 Nxd5 19. Rxd5 Kd7 20. e4 Re8 21. f3 Rb8 22. Rb1 Bb6+ 23. Kh1 Rec8 24. Bd2 Bd8 25. Rd3 Bf6 26. b3 Rc2 27. a4 Bb2 28. b4 Rbc8 29. b5 1-0

[Event "GER-ch 2012-F-V2 serv"]
[Site "GER email"]
[Date "2013.??.??"]
[Round "?"]
[White "Drobka, Manfred"]
[Black "Lelgemann, Ludwig"]
[Result "1-0"]
[WhiteElo "2196"]
[BlackElo "2024"]
[PlyCount "91"]
[EventDate "2012.11.19"]
[EventType "tourn (corr)"]
[EventRounds "6"]
[EventCountry "GER"]
[SourceTitle "Corr 2015"]
[Source "ChessBase"]
[SourceDate "2015.07.17"]
[SourceVersion "1"]
[SourceVersionDate "2015.07.17"]
[SourceQuality "1"]

1. e4 e5 2. Nf3 Nc6 3. Bb5 a6 4. Ba4 b5 5. Bb3 Nf6 6. 0-0 Bb7 7. Nc3 Bd6 8. Nd5 0-0 9. d3 h6 10. Bd2 Nxd5 11. Bxd5 Qf6 12. g3 Rab8 13. Nh4 Ne7 14. Bxb7 Rxb7 15. Qg4 Rd8 16. a3 Bc5 17. Kg2 d5 18. b4 Bb6 19. Rae1 c5 20. f4 exf4 21. Bxf4 cxb4 22. axb4 Qc6 23. Kh3 Bd4 24. Nf5 Nxf5 25. exf5 Qf6 26. Re2 Rc8 27. Rf3 Kh7 28. Bd2 Rbc7 29. Rf4 Bb6 30. c3 Rc6 31. Be1 a5 32. Qf3 Rd8 33. g4 Rd7 34. Bh4 Qxc3 35. g5 Bd8 36. f6 g6 37. Bf2 Qc1 38. Re1 Qd2 39. Re7 Rcd6 40. Re5 Qc3 41. Re8 Qc1 42. Be3 Qc8 43. Kg2 Qc2+ 44. Bf2 Qd2 45. Re2 Qc1 46. Be3 1-0

[Event "GER-ch64 email"]
[Site "GER email"]
[Date "2012.08.13"]
[Round "?"]
[White "Drobka, Manfred"]
[Black "Gierth, Karlheinz"]
[Result "1-0"]
[WhiteElo "2194"]
[BlackElo "2049"]
[PlyCount "111"]
[EventDate "2012.08.13"]
[EventType "tourn (corr)"]
[EventRounds "10"]
[EventCountry "GER"]
[SourceTitle "Corr 2015"]
[Source "ChessBase"]
[SourceDate "2015.07.17"]
[SourceVersion "1"]
[SourceVersionDate "2015.07.17"]
[SourceQuality "1"]

1. e4 c6 2. d4 d5 3. e5 c5 4. Nf3 Nc6 5. dxc5 Bg4 6. Bb5 Qa5+ 7. Nc3 e6 8. Bd2 Qc7 9. Be3 Nge7 10. h3 Bxf3 11. Qxf3 a6 12. Bxc6+ Nxc6 13. 0-0-0 Rd8 14. Na4 Be7 15. Bf4 Qa5 16. Qb3 Qc7 17. Qg3 0-0 18. Rhe1 Kh8 19. Bg5 Bxg5+ 20. Qxg5 d4 21. Qg3 Rd5 22. Kb1 Rfd8 23. f4 d3 24. c3 Na5 25. b3 Qc6 26. Qf3 b5 27. cxb6 Nc4 28. b7 Qxb7 29. Re4 Na5 30. Nb2 Qb6 31. Re3 d2 32. Re2 g6 33. Qf2 Qc6 34. c4 Rc8 35. Rexd2 Rxd2 36. Rxd2 Kg7 37. Rd6 Qe4+ 38. Kc1 Rc7 39. Qb6 Qxf4+ 40. Kc2 Qe4+ 41. Nd3 Nxc4 42. Qxc7 Qxg2+ 43. Kc3 Ne3 44. Nb4 Qxh3 45. Rd3 Qg3 46. Kb2 Qf2+ 47. Ka3 Ng4 48. Nxa6 Qf5 49. Nc5 g5 50. Rc3 Nxe5 51. Re3 Ng4 52. Rxe6 h6 53. Rd6 Kg8 54. Nd7 Qf2 55. Qd8+ Kh7 56. Qe7 1-0

[Event "GER-ch64 email"]
[Site "GER email"]
[Date "2012.??.??"]
[Round "?"]
[White "Klapp, Herwig"]
[Black "Drobka, Manfred"]
[Result "1-0"]
[WhiteElo "2183"]
[BlackElo "2194"]
[PlyCount "125"]
[EventDate "2012.08.13"]
[EventType "tourn (corr)"]
[EventRounds "10"]
[EventCountry "GER"]
[SourceTitle "Corr 2015"]
[Source "ChessBase"]
[SourceDate "2015.07.17"]
[SourceVersion "1"]
[SourceVersionDate "2015.07.17"]
[SourceQuality "1"]

1. e4 c5 2. Nf3 Nc6 3. Nc3 e5 4. Bc4 Be7 5. d3 Nf6 6. Ng5 0-0 7. 0-0 d6 8. f4 Bg4 9. Qe1 h6 10. Nf3 Bxf3 11. Rxf3 Nd4 12. Rf2 Ng4 13. Rf1 exf4 14. Bxf4 Bg5 15. Qd1 h5 16. Qd2 Bxf4 17. Rxf4 a6 18. Bd5 Qb6 19. Raf1 Ne5 20. Nd1 Rae8 21. Rh4 g6 22. c3 Ne6 23. Rh3 Qb5 24. b3 Kh7 25. a4 Qd7 26. Nf2 Qd8 27. Bxb7 Qb6 28. Bd5 f6 29. Kh1 Kg7 30. g4 h4 31. Nd1 Rh8 32. Qf2 Qd8 33. d4 Nd7 34. Rd3 Ng5 35. Ne3 Nxe4 36. Qf4 Ng5 37. Qxd6 cxd4 38. cxd4 Nb8 39. Qxd8 Rxd8 40. Kg1 Rd7 41. Bg2 Rhd8 42. d5 h3 43. Bh1 Nc6 44. Nc4 Ne5 45. Nxe5 fxe5 46. Re1 e4 47. Bxe4 Re7 48. Rde3 Rde8 49. d6 Rd7 50. Bh1 Rxe3 51. Rxe3 Rxd6 52. Kf2 Rd2+ 53. Kg3 Kf6 54. Bf3 Rb2 55. Rc3 Ke5 56. Bb7 Ne4+ 57. Bxe4 Kxe4 58. Kxh3 g5 59. Kg3 Kd4 60. Rc4+ Kd5 61. Rb4 Rc2 62. Rb6 Rc3+ 63. Kf2 1-0

[Event "GER-ch68 V03 email"]
[Site "GER email"]
[Date "2012.??.??"]
[Round "?"]
[White "Preusse, Goetz"]
[Black "Drobka, Manfred"]
[Result "1/2-1/2"]
[WhiteElo "2018"]
[BlackElo "2168"]
[PlyCount "88"]
[EventDate "2012.02.13"]
[EventType "tourn (corr)"]
[EventRounds "6"]
[EventCountry "GER"]
[SourceTitle "Corr 2015"]
[Source "ChessBase"]
[SourceDate "2015.07.17"]
[SourceVersion "1"]
[SourceVersionDate "2015.07.17"]
[SourceQuality "1"]

1. d4 d5 2. c4 e6 3. Nc3 Nf6 4. Bg5 Be7 5. Nf3 0-0 6. e3 Nc6 7. Rc1 h6 8. Bh4 a5 9. Be2 Ne4 10. Bxe7 Qxe7 11. 0-0 Nxc3 12. Rxc3 a4 13. a3 Bd7 14. Qc2 Ra5 15. h3 Rd8 16. Rd1 Qd6 17. Bd3 f6 18. cxd5 exd5 19. Nh4 Rda8 20. Rc1 Be8 21. Qe2 Qd7 22. Nf5 Kf8 23. Qf3 Bf7 24. h4 Be6 25. h5 Rd8 26. R3c2 Rda8 27. Qf4 Qf7 28. Nh4 Kg8 29. Qg3 Qxh5 30. Ng6 Bf7 31. Rxc6 bxc6 32. Ne7+ Kh8 33. Nxc6 R5a7 34. Nxa7 Rxa7 35. Rxc7 Rxc7 36. Qxc7 Qd1+ 37. Bf1 Bg6 38. Qc3 h5 39. f3 h4 40. Kf2 Kh7 41. Bb5 Qb1 42. Qd2 Bc2 43. Ba6 Bg6 44. Qc3 Bf5 1/2-1/2

[Event "GER-ch66 V04 email"]
[Site "GER email"]
[Date "2011.10.31"]
[Round "?"]
[White "Drobka, Manfred"]
[Black "Preusse, Goetz"]
[Result "1/2-1/2"]
[WhiteElo "2168"]
[BlackElo "1918"]
[PlyCount "58"]
[EventDate "2011.10.01"]
[EventType "tourn (corr)"]
[EventRounds "8"]
[EventCountry "GER"]
[SourceTitle "Corr 2015"]
[Source "ChessBase"]
[SourceDate "2015.07.17"]
[SourceVersion "1"]
[SourceVersionDate "2015.07.17"]
[SourceQuality "1"]

1. e4 e6 2. d4 d5 3. Nc3 Bb4 4. e5 c5 5. a3 Bxc3+ 6. bxc3 Ne7 7. Nf3 0-0 8. Bd3 h6 9. a4 c4 10. Be2 Nbc6 11. Ba3 Bd7 12. 0-0 a5 13. Qb1 Re8 14. Ra2 b6 15. Nh4 Na7 16. f4 Nf5 17. Nxf5 exf5 18. Rb2 Nc8 19. Qe1 Ra6 20. Qg3 Na7 21. Qh3 Bxa4 22. Rfb1 Qd7 23. Rxb6 Rxb6 24. Rxb6 Bxc2 25. Rd6 Qa4 26. Bc5 Bd3 27. Rxh6 Qa1+ 28. Kf2 gxh6 29. Qxh6 Qxc3 1/2-1/2

[Event "GER-ch66 V04 email"]
[Site "GER email"]
[Date "2011.??.??"]
[Round "?"]
[White "Drobka, Manfred"]
[Black "Dobner, Alois"]
[Result "1-0"]
[WhiteElo "2168"]
[BlackElo "1917"]
[PlyCount "84"]
[EventDate "2011.10.01"]
[EventType "tourn (corr)"]
[EventRounds "8"]
[EventCountry "GER"]
[SourceTitle "Corr 2015"]
[Source "ChessBase"]
[SourceDate "2015.07.17"]
[SourceVersion "1"]
[SourceVersionDate "2015.07.17"]
[SourceQuality "1"]

1. e4 c5 2. Nf3 d6 3. d4 cxd4 4. Nxd4 Nf6 5. Nc3 a6 6. Bc4 e6 7. 0-0 b5 8. Bb3 Be7 9. Qf3 Ra7 10. Rd1 b4 11. Na4 Qc7 12. c3 Bb7 13. Qe2 Bxe4 14. cxb4 Qb7 15. f3 Bd5 16. Be3 Nbd7 17. Nc3 Bxb3 18. axb3 Ra8 19. b5 axb5 20. Qxb5 Qxb5 21. Ncxb5 Rc8 22. Bf4 Ne5 23. Ra7 Nd5 24. Nf5 exf5 25. Rxd5 Nc6 26. Ra4 f6 27. b4 Rd8 28. Nc3 Kd7 29. b5 Ne5 30. b6 Ra8 31. Ra7+ Rxa7 32. bxa7 Ra8 33. Be3 Kc6 34. Rd1 Bd8 35. Bf2 Nd7 36. Nd5 Nb6 37. Nxb6 Bxb6 38. Bxb6 Kxb6 39. Rxd6+ Kc7 40. Re6 Rxa7 41. Re7+ Kb6 42. Rxa7 Kxa7 1-0

[Event "GER-ch61 V03 email"]
[Site "GER email"]
[Date "2011.??.??"]
[Round "?"]
[White "Drobka, Manfred"]
[Black "Grube, Andreas"]
[Result "1-0"]
[WhiteElo "2163"]
[BlackElo "2119"]
[PlyCount "107"]
[EventDate "2010.11.30"]
[EventType "tourn (corr)"]
[EventRounds "6"]
[EventCountry "GER"]
[SourceTitle "Corr 2015"]
[Source "ChessBase"]
[SourceDate "2015.07.17"]
[SourceVersion "1"]
[SourceVersionDate "2015.07.17"]
[SourceQuality "1"]

1. e4 c5 2. Nf3 g6 3. c3 Bg7 4. d4 cxd4 5. cxd4 d5 6. e5 Nc6 7. Bb5 Nh6 8. h3 0-0 9. 0-0 f6 10. Nc3 fxe5 11. dxe5 e6 12. Re1 Qc7 13. Be3 Nf7 14. Bxc6 Qxc6 15. Rc1 Qa6 16. Na4 b6 17. Rc7 Rb8 18. b3 Re8 19. Qc1 Bb7 20. Qd2 Rbc8 21. Rec1 Bf8 22. R1c2 Rxc7 23. Rxc7 Rc8 24. Qc2 b5 25. Rxc8 Bxc8 26. Nb2 Qb7 27. Nd3 a5 28. Nh2 Be7 29. Ng4 Bd7 30. Bd4 Qc6 31. Qd2 b4 32. Nf6+ Kg7 33. Nf4 Bc8 34. h4 Bxf6 35. exf6+ Kg8 36. Qe3 Qd6 37. Nd3 Bd7 38. Ne5 Be8 39. Nxf7 Kxf7 40. Be5 Qd7 41. Kh2 Qb7 42. Qc5 Qd7 43. Qxa5 d4 44. Qxb4 d3 45. Qf4 Qd5 46. Kh3 Kg8 47. f7+ Bxf7 48. Qf6 Kf8 49. Qh8+ Ke7 50. Bf6+ Kd7 51. Qd8+ Kc6 52. Qc8+ Kd6 53. Bg7 Ke7 54. Qf8+ 1-0

[Event "GER-ch64 V02 email"]
[Site "GER email"]
[Date "2011.??.??"]
[Round "?"]
[White "Drobka, Manfred"]
[Black "Janssen, Johann"]
[Result "1-0"]
[WhiteElo "2163"]
[BlackElo "2134"]
[PlyCount "61"]
[EventDate "2011.06.17"]
[EventType "tourn (corr)"]
[EventRounds "6"]
[EventCountry "GER"]
[SourceTitle "Corr 2015"]
[Source "ChessBase"]
[SourceDate "2015.07.17"]
[SourceVersion "1"]
[SourceVersionDate "2015.07.17"]
[SourceQuality "1"]

1. d4 d5 2. c4 c6 3. e3 Nf6 4. Nf3 Bf5 5. Nc3 e6 6. Nh4 Be4 7. f3 Bg6 8. Qb3 Qb6 9. Nxg6 hxg6 10. Kf2 Qc7 11. g3 dxc4 12. Bxc4 Nbd7 13. Kg2 Nb6 14. Be2 Rd8 15. a4 a5 16. Rd1 Nbd5 17. e4 Nb4 18. Be3 Be7 19. Rac1 Qb8 20. Nb1 0-0 21. Na3 Nd7 22. h4 Bd6 23. f4 Be7 24. h5 gxh5 25. Bxh5 b5 26. Bf3 Nb6 27. Rh1 Nxa4 28. Rh3 g6 29. e5 Nd5 30. f5 f6 31. Bxd5 1-0

[Event "GER-ch44 V02 email"]
[Site "GER email"]
[Date "2011.??.??"]
[Round "?"]
[White "Mehaux, Heiko"]
[Black "Drobka, Manfred"]
[Result "1/2-1/2"]
[WhiteElo "2078"]
[BlackElo "2187"]
[PlyCount "45"]
[EventDate "2012.??.??"]
[EventType "tourn (corr)"]
[EventRounds "10"]
[EventCountry "GER"]
[SourceTitle "Corr 2015"]
[Source "ChessBase"]
[SourceDate "2015.07.17"]
[SourceVersion "1"]
[SourceVersionDate "2015.07.17"]
[SourceQuality "1"]

1. e4 e5 2. Nf3 Nc6 3. Bb5 a6 4. Ba4 Nf6 5. 0-0 Be7 6. Re1 b5 7. Bb3 d6 8. c3 0-0 9. d4 Bg4 10. Be3 Bh5 11. h3 Na5 12. Nbd2 exd4 13. cxd4 c5 14. Bc2 cxd4 15. Bxd4 Nc6 16. Qb1 Nd7 17. e5 dxe5 18. Bxe5 Ncxe5 19. Nxe5 Nxe5 20. Rxe5 Bg6 21. Bxg6 hxg6 22. Re2 Bf6 23. a4 1/2-1/2

[Event "GER-ch61 V03 email"]
[Site "GER email"]
[Date "2011.??.??"]
[Round "?"]
[White "Ryseck, Werner"]
[Black "Drobka, Manfred"]
[Result "0-1"]
[WhiteElo "1767"]
[BlackElo "2163"]
[PlyCount "76"]
[EventDate "2010.11.30"]
[EventType "tourn (corr)"]
[EventRounds "6"]
[EventCountry "GER"]
[SourceTitle "Corr 2015"]
[Source "ChessBase"]
[SourceDate "2015.07.17"]
[SourceVersion "1"]
[SourceVersionDate "2015.07.17"]
[SourceQuality "1"]

1. d4 Nf6 2. c4 e6 3. Nf3 Be7 4. Nc3 d5 5. Bg5 0-0 6. e3 h6 7. Bxf6 Bxf6 8. Rc1 Nc6 9. cxd5 exd5 10. Bd3 Ne7 11. 0-0 c6 12. Qc2 g6 13. b4 a6 14. Ne2 Qd6 15. Qc5 Rd8 16. Qc3 Nf5 17. a4 Re8 18. Qc5 Be7 19. Nf4 Ng7 20. Qc2 Qxb4 21. Ne5 Nf5 22. Rb1 Qd6 23. a5 Bf6 24. g4 Nh4 25. Nxf7 Kxf7 26. Bxg6+ Nxg6 27. Qxg6+ Ke7 28. Qxh6 b5 29. axb6 Bxg4 30. Qh7+ Kd8 31. Rb3 Rh8 32. Qf7 Bd7 33. Kh1 Bxd4 34. exd4 Rf8 35. Ne6+ Bxe6 36. Qb7 Rb8 37. Qxa6 Rh8 38. Rg3 Qe7 0-1

[Event "GER-ch41 V05 email"]
[Site "GER email"]
[Date "2010.??.??"]
[Round "?"]
[White "Drobka, Manfred"]
[Black "Guenther, Klaus"]
[Result "1-0"]
[WhiteElo "2177"]
[BlackElo "2056"]
[PlyCount "63"]
[EventDate "2010.??.??"]
[EventType "tourn (corr)"]
[EventRounds "12"]
[EventCountry "GER"]
[SourceTitle "Corr 2015"]
[Source "ChessBase"]
[SourceDate "2015.07.17"]
[SourceVersion "1"]
[SourceVersionDate "2015.07.17"]
[SourceQuality "1"]

1. d4 g6 2. e4 Bg7 3. Nf3 d6 4. Nc3 Nc6 5. Be3 Bg4 6. Be2 Nf6 7. d5 Bxf3 8. gxf3 Ne5 9. f4 Ned7 10. Qd3 0-0 11. h4 c6 12. h5 cxd5 13. hxg6 hxg6 14. exd5 Qa5 15. Bd2 b5 16. Nxb5 Qb6 17. Qh3 Rfc8 18. c4 a6 19. Nc3 Nc5 20. Rb1 Nce4 21. Be3 Qb4 22. a3 Qb3 23. Nxe4 Nxe4 24. f5 g5 25. Qg4 Nc3 26. Bxg5 Qc2 27. Rc1 Qxb2 28. Bd2 Kf8 29. Qxg7+ Kxg7 30. Bxc3+ Qxc3+ 31. Rxc3 Rh8 32. Rxh8 1-0

[Event "GER-ch52 final email"]
[Site "GER email"]
[Date "2010.??.??"]
[Round "?"]
[White "Hinz, Horst"]
[Black "Drobka, Manfred"]
[Result "0-1"]
[WhiteElo "2195"]
[BlackElo "2163"]
[PlyCount "150"]
[EventDate "2010.??.??"]
[EventType "tourn (corr)"]
[EventRounds "11"]
[EventCountry "GER"]
[SourceTitle "Corr 2015"]
[Source "ChessBase"]
[SourceDate "2015.07.17"]
[SourceVersion "1"]
[SourceVersionDate "2015.07.17"]
[SourceQuality "1"]

1. d4 Nf6 2. Nf3 d5 3. c4 e6 4. Nc3 Bb4 5. e3 0-0 6. Bd3 c5 7. 0-0 Nc6 8. a3 Bxc3 9. bxc3 b6 10. cxd5 exd5 11. Ne5 Qc7 12. Nxc6 Qxc6 13. f3 Bd7 14. Qe2 Rfe8 15. a4 h6 16. Bb2 Rac8 17. Qd2 Qc7 18. Qf2 c4 19. Bc2 Bc6 20. Rfe1 Ra8 21. Qh4 Qd8 22. Ba3 Qd7 23. Bc1 Qd8 24. Bb2 a6 25. Re2 b5 26. axb5 axb5 27. Rxa8 Qxa8 28. Qg3 Bd7 29. Qe1 Qc8 30. Qb1 Qa8 31. Bc1 Re6 32. e4 dxe4 33. fxe4 Bc6 34. e5 Nd5 35. Bd2 b4 36. Bh7+ Kh8 37. Bf5 Re7 38. cxb4 c3 39. Bc1 Ra7 40. Qd3 Ra1 41. Re1 Qa2 42. b5 Nf4 43. Qc2 Qxc2 44. Bxc2 Ne2+ 45. Kf2 Bxb5 46. Be3 Ra2 47. Be4 c2 48. Bc1 Ra1 49. Bb2 c1Q 50. Rxc1 Rxc1 51. Bxc1 Nxc1 52. Ke3 Kg8 53. d5 Nb3 54. h4 Kf8 55. g4 Nc5 56. Bc2 f6 57. exf6 gxf6 58. Kd4 Nb7 59. Ke3 Nd6 60. Bd1 f5 61. Kd4 fxg4 62. Bxg4 Ke7 63. Ke5 Nf7+ 64. Kf4 Nh8 65. Bd1 Ng6+ 66. Kg4 Kf6 67. Kh5 Kg7 68. Kg4 Bd7+ 69. Kg3 Ne7 70. Bb3 Nf5+ 71. Kf4 Nxh4 72. Ke4 Kf6 73. Bd1 Bf5+ 74. Kd4 Kg5 75. Ke3 Bg4 0-1

[Event "GER-ch41 V05 email"]
[Site "GER email"]
[Date "2009.??.??"]
[Round "?"]
[White "Bellmann, Herbert"]
[Black "Drobka, Manfred"]
[Result "1/2-1/2"]
[WhiteElo "2252"]
[BlackElo "2163"]
[PlyCount "77"]
[EventDate "2009.05.11"]
[EventType "tourn (corr)"]
[EventRounds "10"]
[EventCountry "GER"]
[SourceTitle "Corr 2011"]
[Source "ChessBase"]
[SourceDate "2010.08.31"]
[SourceVersion "1"]
[SourceVersionDate "2010.08.31"]
[SourceQuality "1"]

1. d4 Nf6 2. c4 e6 3. Nf3 d5 4. Nc3 c6 5. Qb3 Be7 6. g3 0-0 7. Bg2 Nbd7 8. 0-0 a5 9. a4 h6 10. Bf4 Nh5 11. Be3 Nhf6 12. Rad1 Nb6 13. Ne5 Ra6 14. cxd5 exd5 15. f3 Re8 16. Qc2 Bb4 17. Bf2 Be6 18. b3 Qe7 19. h3 Raa8 20. e4 c5 21. Nb5 Rac8 22. Na7 Rc7 23. Rc1 c4 24. Nb5 Rcc8 25. bxc4 Nxc4 26. Nxc4 Rxc4 27. Qb1 Rec8 28. e5 Nd7 29. Rxc4 Rxc4 30. f4 Nb6 31. f5 Bd7 32. Be3 Nxa4 33. Bxd5 Bxb5 34. f6 Qf8 35. Qg6 Nc3 36. fxg7 Qxg7 37. Qxg7+ Kxg7 38. Rxf7+ Kg6 39. Rf6+ 1/2-1/2

[Event "GER-ch48 V5 email"]
[Site "GER email"]
[Date "2008.08.29"]
[Round "?"]
[White "Preusse, Goetz"]
[Black "Drobka, Manfred"]
[Result "1/2-1/2"]
[WhiteElo "1799"]
[BlackElo "2218"]
[PlyCount "63"]
[EventDate "2008.??.??"]
[EventType "tourn (corr)"]
[EventRounds "10"]
[EventCountry "GER"]
[SourceTitle "Corr 2011"]
[Source "ChessBase"]
[SourceDate "2010.08.31"]
[SourceVersion "1"]
[SourceVersionDate "2010.08.31"]
[SourceQuality "1"]

1. e4 c5 2. Nf3 Nc6 3. d4 cxd4 4. Nxd4 Nf6 5. Nc3 e5 6. Ndb5 d6 7. Nd5 Nxd5 8. exd5 Ne7 9. c4 Nf5 10. Bd3 Be7 11. 0-0 0-0 12. Re1 a6 13. Nc3 Nh4 14. g3 Nf5 15. a4 g6 16. a5 h5 17. Be4 Qc7 18. Qd3 Bd7 19. Bd2 Nd4 20. Ne2 Nf5 21. b3 Rac8 22. h3 Ng7 23. h4 Nf5 24. Qc3 Bf6 25. Qb4 Bg7 26. Bc1 Rfe8 27. Ra2 Rb8 28. Qb6 Qxb6 29. axb6 Bf6 30. Ba3 Be7 31. Kg2 Kg7 32. Ng1 1/2-1/2

[Event "GER-ch39 final email"]
[Site "GER email"]
[Date "2008.02.25"]
[Round "?"]
[White "Bach, Werner"]
[Black "Drobka, Manfred"]
[Result "1/2-1/2"]
[WhiteElo "2155"]
[BlackElo "2250"]
[PlyCount "48"]
[EventDate "2007.??.??"]
[EventType "tourn (corr)"]
[EventRounds "14"]
[EventCountry "GER"]
[SourceTitle "Corr 2011"]
[Source "ChessBase"]
[SourceDate "2010.08.31"]
[SourceVersion "1"]
[SourceVersionDate "2010.08.31"]
[SourceQuality "1"]

1. e4 e5 2. Nf3 Nc6 3. Bb5 a6 4. Ba4 Nf6 5. 0-0 Bd6 6. Re1 0-0 7. d4 b5 8. Bb3 Bb7 9. c3 h6 10. dxe5 Nxe5 11. Nxe5 Bxe5 12. f4 Bd6 13. e5 Bc5+ 14. Be3 Bxe3+ 15. Rxe3 Qe7 16. Rd3 Qc5+ 17. Rd4 Nh7 18. Qd3 Rae8 19. Nd2 d6 20. Bc2 g6 21. exd6 cxd6 22. h4 Nf6 23. f5 gxf5 24. Rf1 Bc8 1/2-1/2

[Event "GER-ch39 final email"]
[Site "GER email"]
[Date "2008.02.25"]
[Round "?"]
[White "Drobka, Manfred"]
[Black "Opitz, Peter"]
[Result "1/2-1/2"]
[WhiteElo "2250"]
[BlackElo "2142"]
[PlyCount "99"]
[EventDate "2007.??.??"]
[EventType "tourn (corr)"]
[EventRounds "14"]
[EventCountry "GER"]
[SourceTitle "Corr 2011"]
[Source "ChessBase"]
[SourceDate "2010.08.31"]
[SourceVersion "1"]
[SourceVersionDate "2010.08.31"]
[SourceQuality "1"]

1. e4 e5 2. Nf3 Nc6 3. Bb5 Nf6 4. 0-0 Nxe4 5. d4 Nd6 6. Bxc6 dxc6 7. dxe5 Nf5 8. Qxd8+ Kxd8 9. Rd1+ Ke8 10. Nc3 Be7 11. Bg5 Bxg5 12. Nxg5 h6 13. Nf3 Be6 14. Ne4 Bd5 15. Nc5 Bxf3 16. gxf3 b6 17. Na6 Rc8 18. Rd3 Rd8 19. Rad1 Ke7 20. Nb4 Rxd3 21. Rxd3 c5 22. Nd5+ Ke6 23. Nxc7+ Kxe5 24. Rd7 g5 25. c4 Rf8 26. Kf1 Nh4 27. Ke2 Kf5 28. Nd5 Re8+ 29. Kd3 f6 30. Rxa7 Nxf3 31. Ra6 Nxh2 32. Rxb6 Ng4 33. Kc3 Rf8 34. b4 cxb4+ 35. Kd4 Ne5 36. c5 Nf3+ 37. Ke3 Nh4 38. c6 Ke5 39. c7 Rc8 40. Rb5 Nf5+ 41. Kd3 Nd6 42. Ra5 Ke6 43. Kd4 Kf7 44. Rc5 h5 45. Nb6 Nb5+ 46. Rxb5 Rxc7 47. Nc4 Ra7 48. Ra5 Re7 49. Ne3 h4 50. Ra4 1/2-1/2